<?xml version="1.0" encoding="UTF-8"?>
<marc:record xmlns:marc="http://www.loc.gov/MARC21/slim">
   <marc:leader>00000nam a2200000 a 4500</marc:leader>
   <marc:datafield ind1="1" ind2=" " tag="100">
      <marc:subfield code="a">Till, Jochen</marc:subfield>
      <marc:subfield code="4">aut</marc:subfield>
      <marc:subfield code="e">Verfasser/-in</marc:subfield>
   </marc:datafield>
   <marc:datafield ind1=" " ind2=" " tag="653">
      <marc:subfield code="a">Kinderbücher bis 11-Jahre</marc:subfield>
   </marc:datafield>
   <marc:datafield ind1=" " ind2=" " tag="653">
      <marc:subfield code="a">Wenig Text viele Bilder</marc:subfield>
   </marc:datafield>
   <marc:datafield ind1=" " ind2=" " tag="653">
      <marc:subfield code="a">Jochen Till Raimund Frey Bücher</marc:subfield>
   </marc:datafield>
   <marc:datafield ind1=" " ind2=" " tag="653">
      <marc:subfield code="a">Geschenk Buch für Mädchen Jungen ab 10</marc:subfield>
   </marc:datafield>
   <marc:datafield ind1=" " ind2=" " tag="653">
      <marc:subfield code="a">Bücher für Wenigleser Lesemuffel</marc:subfield>
   </marc:datafield>
   <marc:datafield ind1=" " ind2=" " tag="653">
      <marc:subfield code="a">Moderne Kinderbücher Jungen Mädchen</marc:subfield>
   </marc:datafield>
   <marc:datafield ind1=" " ind2=" " tag="653">
      <marc:subfield code="a">Lustiges Kinderbuch ab 10-Jahren</marc:subfield>
   </marc:datafield>
   <marc:datafield ind1=" " ind2=" " tag="653">
      <marc:subfield code="a">Bücher zum laut lachen</marc:subfield>
   </marc:datafield>
   <marc:datafield ind1=" " ind2=" " tag="653">
      <marc:subfield code="a">Hausdämon Cornibus Bestseller</marc:subfield>
   </marc:datafield>
   <marc:datafield ind1=" " ind2=" " tag="653">
      <marc:subfield code="a">Luzifer junior Luzifer senior</marc:subfield>
   </marc:datafield>
   <marc:datafield ind1=" " ind2=" " tag="653">
      <marc:subfield code="a">Witzige Kinderbücher für Kinder</marc:subfield>
   </marc:datafield>
   <marc:datafield ind1=" " ind2=" " tag="653">
      <marc:subfield code="a">Kinderbücher bis 11-Jahre   ndbücher/Kinderbücher</marc:subfield>
   </marc:datafield>
   <marc:datafield ind1="0" ind2="0" tag="245">
      <marc:subfield code="a">Cornibus &amp; Co - Die Hölle bebt!</marc:subfield>
   </marc:datafield>
   <marc:datafield ind1=" " ind2="1" tag="264">
      <marc:subfield code="b">Loewe Verlag GmbH</marc:subfield>
      <marc:subfield code="c">2022</marc:subfield>
   </marc:datafield>
   <marc:datafield ind1="1" ind2=" " tag="490">
      <marc:subfield code="a">Cornibus &amp; Co</marc:subfield>
   </marc:datafield>
   <marc:datafield ind1="1" ind2=" " tag="520">
      <marc:subfield code="a">Angaben aus der Verlagsmeldung  Cornibus &amp; Co (Band 3) - Die Hölle bebt! : Erlebe das dritte höllisch lustige Abenteuer - Für Kinder ab 10 Jahren - Wow! Das will ich lesen. / von Jochen Till  Cornibus hat einen so gewaltigen Schluckauf, dass die Hölle bebt. Alles nur, weil er an dem alten Buch geknabbert hat, das unter Luzifers Bett lag. Schließlich gibt es in der Hölle weder leckere Schlotzolade noch knusprige Krossangs.  Aber das Schlimmste ist: Jeder Höllenbewohner hat nun einen anderen guten Tipp, wie Cornibus den Schluckauf wieder loswerden kann  Erschrecken, Essig trinken, Luft anhalten  Ob da irgendetwas hilft?  Für Fans von Luzifer junior.  Wer hat das beste Rezept gegen Schluckauf? In Band drei der Kinderbuchreihe um den beliebten Hausdämon Cornibus geht es um ein ganz alltägliches Problem und das Tagebuch des Teufels höchstpersönlich. Geniale Gags und humorvolle Illustrationen sind garantiert. Ein höllischer Spaß für alle Kinder ab 10 Jahren, nicht nur für Fans von Luzifer junior!  Wow! - Das will ich lesen! Entdecke die einzigartigen Geschichten von Loewe Wow!, deren prämierte Erzählweise und animierende Gestaltung jedes Kind fürs Lesen begeistert. Auch leseerfahrene Kinder finden bei Loewe Wow! schnell neue Lieblingsgeschichten. Dafür sorgen liebevolle Charaktere, die man immer wieder gerne auf ihren Abenteuern begleitet. Ob mitreißende Abenteuergeschichten, spannende Kinderkrimis oder witzige Fantasy-Geschichten  für jedes Kind gibt es das perfekte Wow!-Buch.  Loewe Wow!-Bücher sind MotivierendVielfältigPrämiert mit dem Lesekompass 2020 &amp; 2021 der Stiftung Lesen DeinSPIEGEL-Bestseller Übrigens: 98,9 % der Kinder und Eltern, die ein Loewe Wow!-Buch gelesen haben, würden es weiterempfehlen.* Lass auch du dich von Loewe Wow! begeistern. *basierend auf einer Online-Umfrage mit 1.263 Teilnehmer*innen  Mehr Infos und tolle Extras unter www.Loewe-Wow.de</marc:subfield>
   </marc:datafield>
   <marc:datafield ind1=" " ind2=" " tag="020">
      <marc:subfield code="a">9783743213340</marc:subfield>
      <marc:subfield code="9">9783743213340</marc:subfield>
   </marc:datafield>
</marc:record>
